000 00322nam a2200109Ia 4500
008 171211s9999 xx 000 0 und d
245 _aByzantine Hermeneutics and Pedagogy in the Russian North
245 _cRobert Romanchuk
260 _c2007
650 _xReligion
856 _uhttp://down.ebook777.com/063/080209063X.pdf
999 _c350458
_d350458